000 01080cam a22003257a 4500
003 CHAP
005 20220817042457.0
008 971013s1986 it r 00010 fre d
010 _a45830
011 _a46802
035 _a50943
040 _cCHAP
082 1 0 _a639.2
_bF46f v.351
110 2 _aFAO. Comisión de Pesca para Océano Indico
_939480
245 1 0 _aRapport de la huitieme session du Comite de L'Amenagement des stoks de thons de L'Ocean Indien
260 _aRome :
_bFAO,
_c1986
300 _a26 p.
490 0 _aFAO. Informe de pesca
_v; 351
590 _aBATCH-UPD
_b10
_c20130110
_lUCH01
_h1043
590 _aBATCH-UPD
_b10
_c20130410
_lUCH01
_h0642
590 _aBATCH-UPD
_b10
_c20130914
_lUCH01
_h1348
590 _aCONVERSION
_b10
_c20130109
_lUCH01
_h1325
650 1 4 _aPesca
_zRegión del Oceano Indico.
_987428
650 1 4 _aRecursos marinos.
830 0 _aFAO. Informe de pesca
_v; 351
_939587
901 _aBK
905 _aPatricia Mendoza P.
942 _cLIBRO
949 _a639.2 F46f v.351
_bBC
_cFAO
_d33724000742433
_eFAO1
_gDonaciØn
_h97377
_i50943
_sb
999 _c45830
_d45830